000 00498nam a22001937a 4500
003 LK-CoDNM
005 20250103144011.0
008 250102b |||||||| |||| 00| 0 eng d
040 _aLK-CoDNM
_dLK-CoDNM
_eLK-CoDNM
041 _aeng
080 _a4
_bBB9
100 _aDavid Seth-Smith, F.Z.S.
245 _aThe avicultural magazine
_bVol.10
260 _c1932
_aHertford
_bStephen Austin & sons Ltd
300 _bx, 27p. : ill ; 24 cm
650 _aScience
650 _a1932
942 _cBK
999 _c234836
_d234836